Statistics for Reke - Primorska

Click here to take the quiz!

General Stats

  • This quiz has been taken 120 times
    (115 since last reset)
  • The average score is 7 of 9

Answers on the Map

Answers color-coded by a green-red scale on the quiz's map according to % correct below.
 

Answer Stats

Answer% Correct
Dragonja
91%
Vipava
89%
Pivka
85%
Unica
81%
Branica
78%
Slavinski Ravnik
78%
Badaševica
76%
Reka
76%
Rižana
72%

Score Distribution

Percentile by Number Answered

Percent of People with Each Score

Your Score History

You have not taken this quiz since the last reset